A textbook of psychiatric nursing- Vol. I (Record no. 10553)

MARC details
000 -LEADER
fixed length control field 00412nam a22001457a 4500
005 - DATE AND TIME OF LATEST TRANSACTION
control field 20260309092812.0
008 - FIXED-LENGTH DATA ELEMENTS--GENERAL INFORMATION
fixed length control field 260309b |||||||| |||| 00| 0 eng d
020 ## - INTERNATIONAL STANDARD BOOK NUMBER
International Standard Book Number 9788192406015
082 ## - DEWEY DECIMAL CLASSIFICATION NUMBER
Classification number 610.7368 KAP
100 ## - MAIN ENTRY--PERSONAL NAME
Personal name Kapoor, Bimla.
245 ## - TITLE STATEMENT
Title A textbook of psychiatric nursing- Vol. I
260 ## - PUBLICATION, DISTRIBUTION, ETC.
Place of publication, distribution, etc. New Delhi :
Name of publisher, distributor, etc. Kumar Publising House,
Date of publication, distribution, etc. 2024.
300 ## - PHYSICAL DESCRIPTION
Extent 182 p. :
Other physical details ill. ;
Dimensions 30 cm.
942 ## - ADDED ENTRY ELEMENTS (KOHA)
Source of classification or shelving scheme Dewey Decimal Classification
Koha item type Main
Holdings
Withdrawn status Lost status Source of classification or shelving scheme Damaged status Not for loan Collection code Home library Current library Shelving location Date acquired Inventory number Total Checkouts Full call number Barcode Date last seen Price effective from Koha item type
    Dewey Decimal Classification     Main TEST RTC Library RTC Library Main opac 09/03/2026 19895   610.7368 KAP c1 30021113 09/03/2026 09/03/2026 Main
    Dewey Decimal Classification     Main TEST RTC Library RTC Library Main opac 09/03/2026 19896   610.7368 KAP c2 30021114 09/03/2026 09/03/2026 Main
    Dewey Decimal Classification     Main TEST RTC Library RTC Library Main opac 09/03/2026 19897   610.7368 KAP c3 30021115 09/03/2026 09/03/2026 Main
    Dewey Decimal Classification     Main TEST RTC Library RTC Library Reference 09/03/2026 19894   REF 610.7368 KAP 30021112 09/03/2026 09/03/2026 Reference
Royal Thimphu College || All Right Reserved